00382nam a2200121 a 4500008004100000020001500041050001500056100002200071245010400093260003200197300002200229350000900251120416s0000 ||||||||||||||||| || u a0070602328 aQA 871 Spi aSpiegel, Murray R10aSchaum's outline of theory and problems of theoretical mechanics, with an introduction to hagranges aNew YorkbMcGraw-Hillc1990 a[4], 368p. : ill. a0.00